| 000 | 00377nam a22001577a 4500 | ||
|---|---|---|---|
| 003 | CEME | ||
| 005 | 20210628210734.0 | ||
| 008 | 210106b xxu||||| |||| 00| 0 eng d | ||
| 040 | _c. | ||
| 082 | _a954.91 NAG | ||
| 100 |
_aNagma Habib _950759 |
||
| 245 | _aMari zameen mara akhari havala | ||
| 260 |
_aKARACHI _bMEHRAN PUBLISHERS _c2014 |
||
| 300 | _a298P | ||
| 942 |
_cBK _2ddc |
||
| 999 |
_c585664 _d585664 |
||